Αγορές Εργασίας / Οικονομικές Θεωρίες και Έρευνες (Record no. 3793)
[ view plain ]
| 000 -LEADER | |
|---|---|
| fixed length control field | 01742cam a22001814a 4500 |
| 005 - ΗΜΕΡΟΜΗΝΙΑ ΚΑΙ ΩΡΑ ΤΕΛΕΥΤΑΙΑΣ ΕΝΗΜΕΡΩΣΗΣ | |
| Πεδίο ελέγχου | 20250605164125.0 |
| 008 - FIXED-LENGTH DATA ELEMENTS--GENERAL INFORMATION | |
| Πεδίο ελέγχου σταθερού μήκους | 250528s ||||||||||||||||||||||||d |
| 035 ## - SYSTEM CONTROL NUMBER | |
| System control number | 18432 |
| 040 ## - ΠΗΓΗ ΚΑΤΑΛΟΓΟΓΡΑΦΗΣΗΣ | |
| Φορέας πρωτότυπης καταλογογράφησης | MC Athens Campus Library |
| Γλώσσα καταλογογράφησης | Ελληνικά, Μοντέρνα (1453-) |
| Modifying agency | MC Athens Campus Library |
| Κανόνες περιγραφικής καταλογογράφησης | AACR2 |
| 245 1# - ΤΙΤΛΟΣ ΚΑΙ ΔΗΛΩΣΗ ΥΠΕΥΘΥΝΟΤΗΤΑΣ | |
| Τίτλος | Αγορές Εργασίας / Οικονομικές Θεωρίες και Έρευνες |
| 260 ## - PUBLICATION, DISTRIBUTION, ETC. | |
| Name of publisher, distributor, etc. | Παπαζήση, |
| Date of publication, distribution, etc. | 1989 |
| 300 ## - PHYSICAL DESCRIPTION | |
| Extent | 392 |
| 520 ## - SUMMARY, ETC. | |
| Summary, etc. | Πρόλογος, Εισαγωγή: Η Εξέλιξη του Κοινωνικού Χαρακτήρα της Εργασίας, Η Διάρθρωση και η Λειτουργία της Αγοράς Εργασίας, Το Εργατικό Δυναμικό, Η Προσφορά Εργασίας, Η Επένδυση στο Ανθρώπινο Κεφάλαιο ως Προσδιοριστικός Παράγοντας του Ατομικού Εισοδήματος και των Εισοδηματικών Διαφορών, Εξισωτικές Μισθολογικές Διαφορές και Επιλογή Επαγγέλματος, Διακρίσεις στην Αγορά Εργασίας και Μισθολογικές Διαφορές, Τα Εργατικά Συνδικάτα και οι Επιδράσεις τους στο Μισθό και στην Απασχόληση, Απασχόληση και Ανεργία, Πληθωρισμός και Ανεργία, Η Αμφισβήτηση της Ορθόδοξης Θεωρίας: Ενναλακτικά ''Παραδείγματα'' στην Οικονομική των Αγορών Εργασίας: Θεσμικές και Ριζοσπαστικές Προσεγγίσεις. |
| 700 1# - ΠΡΟΣΘΕΤΗ ΑΝΑΓΡΑΦΗ--ΦΥΣΙΚΟ ΠΡΟΣΩΠΟ | |
| Personal name | Πετρινιώτη Ξανθή |
| 9 (RLIN) | 4703 |
| 942 ## - ADDED ENTRY ELEMENTS (KOHA) | |
| Koha item type | Books |
| Τύπος τεκμηρίου | Βιβλιοθήκη | Τρέχουσα τοποθεσία | Barcode | Αριθμός εισαγωγής | Ημερομηνία απόκτησης | Ταξιθετικό σύμβολο | Αριθμός αντιτύπου | Κατάσταση απόσυρσης | Κατάσταση χαμένου | Κατάσταση κατεστραμμένου | Μη δανεισμός | Σύνολο δανεισμών | Ημερομηνία τελευταίας εμφάνισης | Η τιμή ισχύει από |
|---|---|---|---|---|---|---|---|---|---|---|---|---|---|---|
| Books | MC Athens Campus Library | MC Athens Campus Library | 9780000037923 | 3117 | 05/06/2025 | 331.12 PET | 1 | 05/06/2025 | 05/06/2025 |